Les arrêts du bus 44 à Toulouse - Statistiques

Statistiques générales
  • Ce quiz a été pris 9 fois
  • Le résultat moyen est 28 sur 33
Statistiques - réponses
quartier arrêt % Correct
Busca Busca
100%
Carmes Carmes
100%
Saint-Michel Conseil Régional
100%
Empalot Empalot
100%
Carmes Esquirol
100%
Rangueil Faculté de Pharmacie
100%
Saouzelong Saouzelong
100%
Rangueil Université Paul Sabatier
100%
Saouzelong Aristote
80%
Carmes Chaussée
80%
Empalot Daste
80%
Saouzelong Duguay-Trouin
80%
Busca Duméril
80%
Saouzelong Ecole Jules Julien
80%
Empalot Empalot Sud
80%
Rangueil Fac Dentaire
80%
Carmes Garonnette
80%
Saint-Etienne/Busca Grand Rond
80%
Busca Jardin des Plantes
80%
Saint-Etienne Jardin Royal
80%
Empalot Mouettes
80%
Saint-Etienne Ozenne
80%
Empalot Passerelle A.Conti
80%
Saouzelong Pastourelles
80%
Rangueil Pélude
80%
Busca Place Henry Russell
80%
Saint-Michel Platanes
80%
Rangueil Pont Ducuing
80%
Carmes Pont Neuf
80%
Saouzelong Provence
80%
Carmes Quai de Tounis
80%
Busca Rachou
80%
Saouzelong Libellules
60%
Aucun quiz correspondant
Distribution des résultats
% des personnes avec chaque résultat
Percentile par nombre de réponses
Votre historique - résultats
Vous n’avez pas pris ce quiz